| 000 | 00702nam a2200205 4500 | ||
|---|---|---|---|
| 001 | 127939 | ||
| 003 | ES-MaACL | ||
| 007 | t| | ||
| 008 | 070214s1959 mx r ||||1| spa d | ||
| 100 | 1 |
_aRíos, Eduardo Enrique. _997362 |
|
| 245 | 1 | 0 |
_aFray Margil de Jesús _b: apóstol de América / _cEduardo Enrique Ríos ; prólogo de Rafael Heliodoro Valle. |
| 250 | _a3ª. ed. | ||
| 260 |
_aMéxico : _bJus, _c1959. |
||
| 300 |
_a222 p. : _bil. ; _c24 cm. |
||
| 490 | 1 | _aFiguras y episodios de la historia de México | |
| 700 | 1 |
_aValle, Rafael Heliodoro. _9112775 |
|
| 830 | 0 |
_aFiguras y episodios de la historia de México _9181876 |
|
| 852 |
_aES-MaACL _jE-9430 _bR.94191 |
||
| 999 |
_c127939 _d127939 |
||